| 000 | 00785 a2200217 4500 | ||
|---|---|---|---|
| 020 | _a9788184896015 | ||
| 020 | _a9788184896015 | ||
| 082 | _a515.7 | ||
| 090 |
_c1589 _d1589 |
||
| 100 | 1 | _aLebedev, Leonid P. | |
| 245 | 1 | 0 |
_aFunctional analysis - applications in mechanics and inverse problems / _cLeonid P. Lebedev, Iosif I. Vorovich, G.M.L. Gladwell. |
| 250 | _a2nd ed. | ||
| 260 |
_a[S.l.] : _bSpringer, _c2002. |
||
| 300 |
_a260 p. ; _c24 cm. |
||
| 490 | 1 | _aSolid mechanics and its applications. | |
| 700 | 1 | _aVorovich, Iosif I. | |
| 700 | 1 | _aGladwell, G.M.L. | |
| 830 | 0 | _aSolid mechanics and its applications. | |
| 942 |
_aSNS _cBK _k515.7 LEB |
||
| 999 |
_c30199 _d30199 |
||